Superhero Movies by Actor #2 - Statistics

General Stats
  • This quiz has been taken 26 times
  • The average score is 11 of 15
Answer Stats
Actor Movie % Correct
Jon Favreau Batman Forever | Daredevil | Iron Man | Iron Man 2 | The Avengers | Iron Man 3 | Avengers: Age of Ultron | Captain America: Civil War | Spider-Man: Homecoming | Avengers: Infinity War | Spider-Man: Far From Home | Spider-Man: No Way Home | Avengers: Endgame
95%
Nicolas Cage Teen Titans GO! To the Movies | Spider-Man: Into the Spider-Verse | The Flash | Ghost Rider | Ghost Rider: Spirit of Vengeance | Kick-Ass
95%
Ben Affleck Daredevil | Elektra | The Flash | Justice League | Zack Snyder's Justice League | Batman v. Superman: Dawn of Justice
90%
Willem Dafoe Spider-Man | Spider-Man 2 | Spider-Man 3 | Spider-Man: No Way Home | Justice League | Zack Snyder's Justice League | Aquaman
90%
Zack Snyder Watchmen | Man of Steel | Batman v. Superman: Dawn of Justice | Suicide Squad | Wonder Woman | Justice League | Aquaman | Zack Snyder's Justice League | Wonder Woman 1984 | The Suicide Squad
90%
Idris Elba Sonic the Hedgehog 2 | The Losers | Ghost Rider: Spirit of Vengeance | Thor | Thor: The Dark World | Avengers: Age of Ultron | Thor: Ragnarok | Avengers: Infinity War | Thor: Love and Thunder | The Suicide Squad
81%
James Gunn Super | Brightburn | The Suicide Squad | Guardians of the Galaxy | Guardians of the Galaxy Vol. 2 | Avengers: Infinity War | Avengers: Endgame | Guardians of the Galaxy Vol. 3 | Thor: The Dark World | Doctor Strange | Spider-Man: Homecoming
81%
Halle Berry Catwoman | X-Men | X-2: X-Men United | X-Men: The Last Stand | X-Men: Days of Future Past
76%
Taika Waititi Green Lantern | Thor: Ragnarok | Thor: Love and Thunder | Avengers: Infinity War | Avengers: Endgame
71%
J.K. Simmons Spider-Man | Spider-Man 2 | Spider-Man 3 | Spider-Man: Far From Home | Spider-Man: No Way Home | Venom: Let There Be Carnage | Spider-Man: Across the Spider-Verse | Justice League | Zack Snyder's Justice League | Megamind | Morbius
71%
James McAvoy Split | Glass | X-Men: First Class | X-Men: Days of Future Past | X-Men: Apocalypse | X-Men: Dark Phoenix | Deadpool 2
71%
Tommy Lee Jones Men in Black | Men in Black II | Men in Black 3 | Batman Forever | Captain America: The First Avenger
67%
James Marsden Superman Returns | Sonic the Hedgehog | Sonic the Hedgehog 2 | X-Men | X-2: X-Men United | X-Men: The Last Stand | X-Men: Days of Future Past | PAW Patrol: The Mighty Movie
52%
Liam Neeson Darkman | Batman Begins | The Dark Knight Rises | Men in Black: International
48%
Kevin Smith Daredevil | TMNT | Superman: Doomsday | Teen Titans: The Judas Contract
24%
No matching quizzes found
Score Distribution
Percent of People with Each Score
Percentile by Number Answered
Your Score History
You have not taken this quiz